00537nam a2200145Ia 4500008004100000020001500041041000800056082001700064100000800081245005500089260004400144300000900188999001900197952017500216230922s1999 xx 000 0 und d a9241545178 aeng a615.321bWHO aWHO aWho Monographs on selected medicinal plants, Vol-I bWorld Health Organization, Genevac1999 a289p c876969d876969 001040708PCPaPCPbPCPd2023-03-30eBharati Madhyavarti Sahakari Grahak Bhandar, LTD. Puneg1800.00l0o615.321 WHOpPCP-PHRD-8218r2023-09-22 00:00:00w2023-09-22yBK